[Event "SVK-ch U08"]
[Site "Dudince"]
[Date "2023.04.23"]
[Round "9"]
[White "Slamka, Matias"]
[Black "Sipos, Nathan"]
[Result "1-0"]
[WhiteElo "1000"]
[BlackElo "1000"]
[PlyCount "99"]
[EventDate "2023.04.16"]
[EventType "swiss"]
[EventRounds "9"]
[EventCountry "SVK"]
[SourceTitle "CBM 213 Extra"]
[Source "ChessBase"]
[SourceDate "2023.05.31"]
[SourceVersion "1"]
[SourceVersionDate "2023.05.31"]
[SourceQuality "1"]

1. e4 d5 2. f3 Nf6 3. e5 Nfd7 4. f4 g6 5. Nf3 Bg7 6. d4 0-0 7. g3 Re8 8. Nc3 Nc6 9. Nxd5 f6 10. e6 Nb6 11. Nxb6 cxb6 12. Bc4 a6 13. b3 b5 14. d5 bxc4 15. dxc6 bxc6 16. Nd4 cxb3 17. cxb3 c5 18. Nc6 Qxd1+ 19. Kxd1 Bxe6 20. Re1 Red8+ 21. Nxd8 Rxd8+ 22. Kc2 Bf5+ 23. Kc3 e5 24. Ba3 exf4 25. gxf4 g5 26. fxg5 fxg5+ 27. Kc4 Bxa1 28. Rxa1 Be6+ 29. Kxc5 Rd5+ 30. Kb6 a5 31. Rc1 Bd7 32. Bc5 a4 33. bxa4 Bxa4 34. Rc4 Bb3 35. axb3 Rd2 36. h4 gxh4 37. Rxh4 Rd8 38. b4 Rb8+ 39. Kc6 Kg7 40. b5 h6 41. b6 Kg6 42. b7 Kg5 43. Ra4 h5 44. Ra8 Rxa8 45. bxa8Q Kg4 46. Qf8 h4 47. Bd6 h3 48. Qf4+ Kh5 49. Be7 h2 50. Qg5# 1-0

[Event "SVK-ch U08"]
[Site "Dudince"]
[Date "2023.04.18"]
[Round "4"]
[White "Csokas, Erik"]
[Black "Sipos, Nathan"]
[Result "1-0"]
[WhiteElo "1000"]
[BlackElo "1000"]
[PlyCount "163"]
[EventDate "2023.04.16"]
[EventType "swiss"]
[EventRounds "9"]
[EventCountry "SVK"]
[SourceTitle "CBM 213 Extra"]
[Source "ChessBase"]
[SourceDate "2023.05.31"]
[SourceVersion "1"]
[SourceVersionDate "2023.05.31"]
[SourceQuality "1"]

1. e4 d5 2. exd5 Qxd5 3. Nc3 Qa5 4. g3 Nf6 5. Bg2 Bg4 6. Nge2 Bxe2 7. Nxe2 e6 8. Bxb7 Nc6 9. Bxa8 Qb5 10. 0-0 Be7 11. Bxc6+ Qxc6 12. b3 0-0 13. Bb2 Ng4 14. Nd4 Qd5 15. Qxg4 e5 16. Nf5 Bf6 17. Bxe5 Qxe5 18. Rae1 c5 19. Rxe5 Bxe5 20. Ne7+ Kh8 21. Nc6 Bf6 22. a4 a5 23. h4 g6 24. h5 gxh5 25. Qxh5 Bb2 26. c3 Ba3 27. Ne5 Rg8 28. Nxf7+ Kg7 29. Nh6 Rd8 30. Rd1 Rc8 31. Ra1 Bb2 32. Rb1 Ba3 33. d4 cxd4 34. cxd4 Rd8 35. Qg5+ Kf8 36. Qg6 hxg6 37. f4 Rxd4 38. f5 gxf5 39. Nxf5 Rg4 40. Re1 Rxg3+ 41. Nxg3 Bc5+ 42. Kh1 Be7 43. Nf5 Bb4 44. Re4 Bc5 45. Re6 Kf7 46. Re5 Bd6 47. Nxd6+ Kf6 48. Re1 Kg6 49. Rb1 Kf6 50. Ne4+ Ke5 51. Nc3 Kd4 52. Ne2+ Kd3 53. Ng3 Kd4 54. b4 axb4 55. Rxb4+ Kc5 56. Rb8 Kc6 57. Ra8 Kb7 58. Rh8 Ka6 59. Rh5 Kb6 60. a5+ Ka6 61. Ne4 Kb7 62. Nc5+ Ka8 63. Rh7 Kb8 64. a6 Ka8 65. Ne6 Kb8 66. Nc5 Ka8 67. Rh8+ Ka7 68. Rh4 Kb8 69. Ra4 Ka8 70. Nd7 Ka7 71. Nb6 Kb8 72. a7+ Kb7 73. a8Q+ Kc7 74. Nd5+ Kd6 75. Ra5 Ke5 76. Ne3+ Kf4 77. Ra3 Kg3 78. Nd5+ Kg4 79. Qf8 Kg5 80. Rf3 Kg6 81. Qg8+ Kh6 82. Rh3# 1-0